000 00609nam a2200181Ia 4500
003 GCL
008 140319s9999 xx 000 0 ara d
040 _aGCL /
_cGCL
082 0 4 _a214
_bح ت
100 1 _aحسن محمد باجودة
245 1 0 _aتسخير العلم و العمل لمجد الاسلام /
_cحسن محمد باجودة
250 _aالاولى
260 _aالرياض :
_bادارة التوزيع و النشر برابطة العالم الاسلامى
300 _a124 ص ؛
_c20 سم
650 0 4 _aالعبادات
650 0 4 _aالاسلام , علم
942 _2ddc
_cBK
999 _c6998
_d6998